000 00570nam a22001937a 4500
999 _c13453
_d13453
003 AR-CdUCM
008 190415b ||||| |||| 00| 0 spa d
040 _aMUNICIPALIDAD PROVINCIAL DEL CUSCO
_cBIBLIOTECA MUNICIPAL DEL CUSCO
082 _a869.56 /
_bS31
100 _aScorza, Manuel
_91669
245 _aLas Imprecaciones /
260 _aMéxico :
_bEl Viento del Pueblo ;
_c1955.
300 _a66 páginas ;
_c24cm
505 _aContenido: Poemas
650 _aLiteratura
_983
650 _aEpístola
_931880
942 _2ddc
_cLIBROS
945 _anom
_d2019-04-15